Človek je organizmus, nie mechanizmus

Rozhovor s Miroslavom Gejdošom manažérom vzdelávacej spoločnosti o profesionálnom raste pracovníkov. Dôležité úlohy firiem - venovať dostatočnú pozornosť ľudským zdrojom, budovať kvalitné personálne oddelenie firmy, zvoliť správny druh výberu zamestnancov.

Salvato in:
Dettagli Bibliografici
Autore principale: Rihák, Vlado
Natura: Capitolo di libro
Lingua:slovacco
Soggetti:
Tags: Aggiungi Tag
Nessun Tag, puoi essere il primo ad aggiungerne!!

MARC

LEADER 00000naa a2200000 4500
001 r045218
005 20231004093959.4
041 0 |a slo 
044 |a SK 
245 1 0 |a Človek je organizmus, nie mechanizmus  |c Aut.interv. Vlado Rihák 
520 |a Rozhovor s Miroslavom Gejdošom manažérom vzdelávacej spoločnosti o profesionálnom raste pracovníkov. Dôležité úlohy firiem - venovať dostatočnú pozornosť ľudským zdrojom, budovať kvalitné personálne oddelenie firmy, zvoliť správny druh výberu zamestnancov. 
610 2 0 |a vzdelávanie ďalšie 
610 2 0 |a pracovníci 
610 2 0 |a sily pracovné 
610 2 0 |a zdroje ľudské 
610 2 0 |a výber pracovníkov 
610 2 0 |a práca personálna 
610 2 0 |a firmy 
100 1 |a Rihák, Vlado